First steps in literacy : the reading and writing experiences of the humblest seventeenth-century spiritual autobiographers
| Published in: | Literacy and social development in the West, ed. by Harvey J. Graff, Cambridge, 1981, P. 125-150 (Cambridge studies in oral and literate culture) |
|---|---|
| Main Author: | |
| Content type: | Article |
| Published: |
1981
|
| Source: | MPIPL_cat |
| _version_ | 1863687004285304832 |
|---|---|
| author | Spufford, Margaret |
| author_facet | Spufford, Margaret |
| author_search | Spufford, Margaret |
| author_sort | Spufford, Margaret |
| author_variant | m s ms |
| collection_details | MPIPL |
| container_reference | P. 125-150 |
| container_start_page | 125 |
| container_title | Literacy and social development in the West : a reader |
| dedup_id_str | MPIPL_cat.PL0051214 |
| dewey-hierarchy | 0/[Unassigned]/ |
| dewey-hierarchy_str | 0/[Unassigned]/ |
| first_indexed | 2026-03-14T00:40:04Z |
| format | 0/Artikel/ |
| format_str | 0/Artikel/ |
| fullrecord | <?xml version="1.0" encoding="UTF-8"?>
<collection xmlns:xsi="http://www.w3.org/2001/XMLSchema-instance" xsi:schemaLocation="http://www.loc.gov/MARC21/slim http://www.loc.gov/standards/marcxml/schema/MARC21slim.xsd" xmlns="http://www.loc.gov/MARC21/slim">
<record>
<leader>00000naa a2200000 u 4500</leader>
<controlfield tag="001">PL0051214</controlfield>
<controlfield tag="003">PLI01000000000000000050964</controlfield>
<controlfield tag="005">00000000000000.0</controlfield>
<controlfield tag="008"> ||| u </controlfield>
<datafield tag="100" ind1="1" ind2=" ">
<subfield code="a">Spufford, Margaret</subfield>
</datafield>
<datafield tag="245" ind1="0" ind2="0">
<subfield code="a">First steps in literacy</subfield>
<subfield code="b">the reading and writing experiences of the humblest seventeenth-century spiritual autobiographers</subfield>
<subfield code="c">Margaret Spufford</subfield>
</datafield>
<datafield tag="260" ind1=" " ind2=" ">
<subfield code="c">1981</subfield>
</datafield>
<datafield tag="952" ind1=" " ind2=" ">
<subfield code="j">1981</subfield>
<subfield code="h">P. 125-150</subfield>
</datafield>
<datafield tag="996" ind1=" " ind2=" ">
<subfield code="a">Aufsatz</subfield>
</datafield>
<datafield tag="997" ind1=" " ind2=" ">
<subfield code="a">book chapter</subfield>
</datafield>
<datafield tag="773" ind1="0" ind2="8">
<subfield code="t">Literacy and social development in the West</subfield>
<subfield code="a">ed. by Harvey J. Graff</subfield>
<subfield code="d">Cambridge, 1981</subfield>
<subfield code="g">P. 125-150</subfield>
<subfield code="k">Cambridge studies in oral and literate culture</subfield>
<subfield code="w">MPIPL_cat.PL0051207</subfield>
<subfield code="z">0-521-23954-0</subfield>
<subfield code="i">In:</subfield>
</datafield>
</record>
</collection>
|
| hierarchy_parent_id | MPIPL_cat.PL0051207 |
| hierarchy_parent_title | Literacy and social development in the West : a reader |
| id | MPIPL_cat.PL0051214 |
| illustrated | Not Illustrated |
| institution | MPIPL_cat |
| institution_str | MPIPL_cat |
| isbn | 9780521239547 0-521-23954-0 |
| language | und |
| language_str | und |
| last_indexed | 2026-04-27T23:41:36Z |
| local_fields | Aufsatz |
| online | false |
| online_MPIPL_cat | false |
| online_str | false |
| publishDate | 1981 |
| publishDate_str | 1981 |
| record_format | marc |
| spelling | Spufford, Margaret First steps in literacy the reading and writing experiences of the humblest seventeenth-century spiritual autobiographers Margaret Spufford 1981 Literacy and social development in the West ed. by Harvey J. Graff Cambridge, 1981 P. 125-150 Cambridge studies in oral and literate culture 0-521-23954-0 In |
| spellingShingle | Spufford, Margaret First steps in literacy : the reading and writing experiences of the humblest seventeenth-century spiritual autobiographers |
| title | First steps in literacy : the reading and writing experiences of the humblest seventeenth-century spiritual autobiographers |
| title_full | First steps in literacy the reading and writing experiences of the humblest seventeenth-century spiritual autobiographers Margaret Spufford |
| title_fullStr | First steps in literacy the reading and writing experiences of the humblest seventeenth-century spiritual autobiographers Margaret Spufford |
| title_full_unstemmed | First steps in literacy the reading and writing experiences of the humblest seventeenth-century spiritual autobiographers Margaret Spufford |
| title_search | First steps in literacy the reading and writing experiences of the humblest seventeenth-century spiritual autobiographers |
| title_short | First steps in literacy |
| title_sort | first steps in literacy the reading and writing experiences of the humblest seventeenth century spiritual autobiographers margaret spufford |
| title_sub | the reading and writing experiences of the humblest seventeenth-century spiritual autobiographers |